England und das Festland / (Record no. 139181)

MARC details
000 -LEADER
campo de control de longitud fija 00424nam a2200145 4500
001 - NÚMERO DE CONTROL
campo de control 139181
003 - IDENTIFICADOR DE NÚMERO DE CONTROL
campo de control ES-MaACL
007 - CAMPO FIJO DE DESCRIPCIÓN FÍSICA--INFORMACIÓN GENERAL
campo de control de longitud fija t|
008 - DATOS DE LONGITUD FIJA--INFORMACIÓN GENERAL
campo de control de longitud fija 070214s1939 gw r ||||1| ger d
100 1# - ENTRADA PRINCIPAL--NOMBRE DE PERSONA
Nombre de persona Scarfoglio, Carlo.
9 (RLIN) 104148
245 10 - MENCIÓN DEL TÍTULO
Título England und das Festland /
Mención de responsabilidad, etc. von Carlo Scarfoglio.
260 ## - PUBLICACIÓN, DISTRIBUCIÓN, ETC.
Lugar de publicación, distribución, etc. Leipzig :
Nombre del editor, distribuidor, etc. [s. n.],
Fecha de publicación, distribución, etc. 1939 (
Fabricante Druck Brandsteller)
300 ## - DESCRIPCIÓN FÍSICA
Extensión VII, 239 p. ;
Dimensiones 24 cm.
852 ## - LOCALIZACIÓN
Ubicación ES-MaACL
Número de control de estantería B-9537
Sublocalización o colección R.19072
Holdings
Estatus retirado Estado de pérdida Estado de daño No para préstamo Biblioteca de origen Biblioteca actual Ubicación en estantería Fecha de adquisición Fuente de adquisición Total de préstamos Signatura topográfica completa Código de barras Visto por última vez Precio de reemplazo Tipo de ítem Koha
        Biblioteca del Ateneo de Madrid Biblioteca del Ateneo de Madrid Sala Pardo Bazán 17/01/2008     B-9537 1144835 23/02/2023 23/02/2023 Libro impreso